000
00327nam a2200133Ia 4500
008
240624s9999 xx 000 0 und d
041
_a
eng
082
_a
793.73 DEV
100
_a
SHAKUNTALA DEVI
245
_a
PUZZLES TO PUZZLE YOU
260
_c
2005
_a
New Delhi
_b
Orient Paperbacks
300
_a
144 : p. : cm. ; 19
365
_c
999
_c
3598
_d
3598